| 000 | 00714nam a2200181 a 4500 | ||
|---|---|---|---|
| 001 | 000004466 | ||
| 005 | 20200929151439.0 | ||
| 008 | 090723s2008 dr a 001 0 spa d | ||
| 040 |
_aDO-SdBNP _bspa _cBNPHU |
||
| 100 | 1 |
_aMatos Acevedo, Félix _d1952- _913079 |
|
| 245 | 1 | 0 |
_aDerecho constitucional : _bestudios sobre constitucionalidad. / _cFélix Matos Acevedo ; prólogo Homero José Ramírez. |
| 260 |
_aSanto Domingo : _bBúho., _c2008. |
||
| 300 |
_a102 p. : _bil. ; _c22 cm. |
||
| 500 | _aIncluye datos biográficos del autor en la contracubierta | ||
| 500 | _aIncluye notas al pie de las páginas | ||
| 504 | _aIncluye referencias bibliográficas (p. 97-100) | ||
| 700 | 1 |
_aJosé Ramírez, Homero _dpról. _913080 |
|
| 999 |
_c4275 _d4275 |
||